| 000 | 00703cam a22002413a 4500 | ||
|---|---|---|---|
| 001 | 19660 | ||
| 003 | PGUSA | ||
| 005 | 20140828083421.0 | ||
| 008 | 061029s2006||||xxu|||||s|||||000 1 eng d | ||
| 040 |
_aPGUSA _beng |
||
| 042 | _adc | ||
| 050 | 4 | _aPS | |
| 100 | 1 |
_aEvans, E. Everett _q(Edward Everett), _d1893-1958 |
|
| 245 | 1 | 0 |
_aMan of Many Minds _h[electronic resource] / _cE. Everett Evans |
| 260 |
_bProject Gutenberg, _c2006 |
||
| 506 | _aPublic domain in the USA. | ||
| 516 | _aElectronic text | ||
| 653 | _aScience fiction, American | ||
| 653 | _aExtraterrestrial beings -- Fiction | ||
| 830 | 0 |
_aProject Gutenberg _v19660 |
|
| 856 | 4 | 0 | _uhttp://www.gutenberg.org/ebooks/19660 |
| 942 | _cEB | ||
| 999 |
_c248915 _d248915 |
||